Championnats du monde de cyclisme 2023 sur route - Statistiques

Statistiques générales
  • Ce quiz a été pris 71 fois
  • Le résultat moyen est 10 sur 51
Statistiques - réponses
Places Coureurs % Correct
3eme Pogacar
98%
1er Van der poel
98%
2eme Van aert
95%
25eme Evenepoel
79%
4eme Pedersen
79%
15eme Madouas
67%
5eme Kung
49%
10eme Bettiol
48%
12eme Van baarle
33%
9eme Benoot
31%
11eme Powless
28%
47eme Cosnefroy
26%
14eme Skjelmose
21%
6eme Stuyven
20%
8eme Skujins
18%
49eme Lutsenko
16%
7eme Dinham
15%
17eme Tiller
15%
23eme Neilands
13%
44eme Lampaert
11%
13eme Schmid
11%
20eme Vermaerke
11%
21eme Clarke
7%
16eme Degenkolb
7%
22eme Gamper
7%
30eme Garcia Cortina
7%
29eme Liepins
7%
28eme Rota
7%
36eme Boivin
5%
31eme Haller
5%
45eme Kooij
5%
27eme Velasco
5%
19eme Aranburu
3%
51eme Johanessen
3%
39eme Bagioli
2%
37eme Boros
2%
43eme Dillier
2%
18eme Doull
2%
32eme Eriksson
2%
35eme Gogl
2%
33eme Govekar
2%
24eme Kelemen
2%
50eme Leknessund
2%
46eme Oliveira
2%
41eme Rutsch
2%
34eme Sbaragli
2%
26eme Swift
2%
42eme Toupalik
2%
40eme Zukowsky
2%
48eme Christensen
0%
38eme Schoenberger
0%
Aucun quiz correspondant
Distribution des résultats
% des personnes avec chaque résultat
Percentile par nombre de réponses
Votre historique - résultats
Vous n’avez pas pris ce quiz